Peinture : des tableaux très célèbres #2 - Statistiques

Statistiques générales
  • Ce quiz a été pris 379 fois
  • Le résultat moyen est 10 sur 20
Statistiques - réponses
Par images Réponse % Correct
Léonard de Vinci
91%
Michel-Ange
90%
Vincent Van Gogh
69%
Claude Monet
65%
Johannes Vermeer
63%
René Magritte
61%
Auguste Renoir
60%
Hokusai
54%
Francisco de Goya
53%
Sandro Botticelli
49%
Vassily Kandinsky
46%
Edward Hopper
43%
Georges Seurat
40%
Jérôme Bosch
40%
Rembrandt
39%
Caspar David Friedrich
33%
Jacques-Louis David
33%
Grant Wood
25%
Gustave Courbet
19%
Jean-Honoré Fragonard
17%
Aucun quiz correspondant
Distribution des résultats
% des personnes avec chaque résultat
Percentile par nombre de réponses
Votre historique - résultats
Vous n’avez pas pris ce quiz